Hudobná výchova s metodikou pre 2. ročník stredných pedagogických škôl /

Hlavní autor: Kantor, Štefan, 1898-1991
Další autoři: Šikulová, Ľubica, Podhorná, Anna
Jazyk: Slovenština
Vydáno: Bratislava : Slovenské pedagogické nakladateľstvo, 1985
Vydání: 1. vyd.
Fyzický popis: 269 s.
Knihy
Uloženo v:
LEADER 00831nam a2200229 a 4500
001 000440401
003 CZ BrMZK
005 19990305143423.0
007 ta
008 990305s1985 xo f slo d
040 |a BOA001  |b cze 
080 |a 78(075.3)  |2 MRF 
100 1 |a Kantor, Štefan,  |d 1898-1991  |7 mzk2002140415  |4 aut 
245 1 0 |a Hudobná výchova s metodikou pre 2. ročník stredných pedagogických škôl /  |c Štefan Kantor, Ľubica Kopinová, Anna Podhorná 
250 |a 1. vyd. 
260 |a Bratislava :  |b Slovenské pedagogické nakladateľstvo,  |c 1985 
300 |a 269 s. 
700 1 |a Šikulová, Ľubica  |7 jx20040121004  |4 aut 
700 1 |a Podhorná, Anna  |7 jx20041202015  |4 aut 
910 |a BOA001  |b 2-0891.796 
990 |a BK 
996 7 |b 2619287982  |c 2-0891.796  |l MZK  |r Sklad / do 1 hodiny  |n 0  |w 000440401  |u 000010  |a 1  |e BOA001  |j MZK50  |s A